| 000 | 02114nam2a22002891 4500 | ||
|---|---|---|---|
| 001 | rc\4724204 | ||
| 005 | 20250612163155.0 | ||
| 021 |
_aRU _b[59-27056] |
||
| 035 | _a(NLR Aleph) 008730148 | ||
| 090 |
_a9472084 _c9472084 |
||
| 100 | _a20130416d1959 |||y0rusy50 ca | ||
| 101 | 0 | _arus | |
| 102 | _aRU | ||
| 105 | _ay z ||||| | ||
| 200 | 1 |
_a[Метеорология _aАктинометрия] _fАркт. и антаркт. науч.-исслед. ин-т Гл. упр. Сев. морского пути М-ва мор. флота СССР |
|
| 210 |
_d1959 _aБ. м. |
||
| 215 | _a648 с. | ||
| 300 | _aНа корешке загл.: Научные наблюдения дрейфующих станций. 1956/57 | ||
| 461 | 0 |
_1001rc\4724202 _12001#$aМатериалы наблюдений научно-исследовательских дрейфующих станций "Северный полюс-4", "Северный полюс-5", "Северный полюс-6" 1956/57 года$e[В 5 т.]$fПод общ. ред. К.А. Сычева. Т. 1-$gАркт. и антаркт. науч.-исслед. ин-т Гл. упр. Сев. мор. пути М-ва мор. флота СССР$vТ. 2 _99472073 _a"Северный полюс-4", научно-исследовательская дрейфующая станция _cЛенинград _d1962 _fПод общ. ред. К.А. Сычева. Т. 1- _nМор. транспорт _o[В 5 т.] _tМатериалы наблюдений научно-исследовательских дрейфующих станций "Северный полюс-4", "Северный полюс-5", "Северный полюс-6" 1956/57 года _vТ. 2 |
|
| 516 | 0 | _aНаучные наблюдения дрейфующих станций. 1956/57 | |
| 606 |
_aМетеорологические наблюдения _yАрктика (т. 2) _2psbo |
||
| 606 |
_aАктинометрические наблюдения _yАрктика (т. 2) _2psbo |
||
| 801 | 0 |
_aRU _bNLR _gpsbo |
|
| 801 | 1 |
_aRU _bELAR _2rusmarc |
|
| 852 |
_aNLR _j59-7/864 |
||
| 942 | _cBOOK | ||
| 980 | _aNB | ||